LEADER 01040nas 2200337-- 450 001 996336117703316 005 20231213213019.0 035 $a(CKB)110978977560225 035 $a(CONSER)sn-78006628- 035 $a(EXLCZ)99110978977560225 100 $a20780930a197u9999 --- a 101 0 $aeng 181 $ctxt$2rdacontent 200 10$aCommuniqué 210 $aKent, Ohio$cNational Association of School Psychologists 215 $a1 online resource 300 $aPublished: Washington, D.C., 311 08$aPrint version: Communiqué. 0164-775X (DLC)sn-78006628- (OCoLC)4254243 531 $aCOMMUNIQUE 531 0 $aCommuniqué 606 $aEducational psychology$vPeriodicals 606 $aEducational psychology$2fast$3(OCoLC)fst00903571 608 $aPeriodicals.$2fast 615 0$aEducational psychology 615 7$aEducational psychology. 676 $a370 906 $aJOURNAL 912 $a996336117703316 920 $aexl_impl conversion 996 $aCommuniqué$9984542 997 $aUNISA LEADER 02599nam1 22005293i 450 001 MIL0192220 005 20251003044227.0 100 $a20081015g1970 ||||0itac50 ba 101 | $aita 102 $ait 181 1$6z01$ai $bxxxe 182 1$6z01$an 183 1$6z01$anc$2RDAcarrier 200 1 $aProblemi di microeconomia$ftesti di A. A. Alchian... [et al.]$ga cura di W. Breit e H. M. Hochman 210 $aMilano$cEtas Kompass 215 $a v.$d21 cm 300 $aTrad. di Pier Vincenzo Bondonio e Giorgio Brosio. 314 $acuratore$9LO1V044103 314 $acuratore$9SBLV189077 463 1$1001FER0099228$12001 $aˆVol. 2: ‰Teoria dell'offerta e analisi delle forme di mercato$ftesti di A. A. Alchian ... [et al.]$ga cura di W. Breit e H. M. Hochman$v2 463 1$1001MIL0192228$12001 $aˆVol. 1: ‰Metodologia dell'analisi economica e teoria della domanda$ftesti di A. A. Alchian... [et al.]$ga cura di W. Breit e H. M. Hochman$v1 463 1$1001MIL0192230$12001 $aˆ2: ‰Teoria dell'offerta e analisi delle forme di mercato$ftesti di A. A. Alchian... [et al.]$ga cura di W. Breit e H. M. Hochman$v2 463 1$1001MIL0192231$12001 $aˆ3: ‰Teoria della distribuzione, l'allocazione delle risorse e il benessere$ftesti di F. M. Bator ... [et al.]$v3 500 11$aReadings in microeconomics.$3MIL0192225$956972 606 $aMicroeconomia$2FIR$3CFIC000534$9E 676 $a330.08$9ECONOMIA$v21 676 $a338.5$9ECONOMIA GENERALE DELLA PRODUZIONE$v19 676 $a338.5$9ECONOMIA GENERALE DELLA PRODUZIONE$v20 676 $a338.5$9ECONOMIA GENERALE DELLA PRODUZIONE$v21 676 $a338.5$9ECONOMIA GENERALE DELLA PRODUZIONE$v23 696 $aMicroanalisi economica 699 $aMicroeconomia$yMicroanalisi economica 702 1$aBondonio$b, Vincenzo$3CAGV019904 702 1$aBrosio$b, Giorgio$3CFIV018608 702 1$aBreit$b, William$3LO1V044103 702 1$aAlchian$b, Armen Albert$3MILV015841 702 1$aHochman$b, Harold M.$3SBLV189077 790 1$aAlchian$b, Armen$3MILV213151$zAlchian, Armen Albert 801 3$aIT$bIT-000000$c20081015 850 $aIT-BN0095 901 $bNAP 01$cPOZZO LIB.$nVi sono collocati fondi di economia, periodici di ingegneria e scienze, periodici di economia e statistica e altri fondi comprendenti documenti di economia pervenuti in dono. 912 $aMIL0192220 950 1$aBiblioteca Centralizzata di Ateneo$cv. 1-2$d 01POZZO LIB.F. PARRAVICINI 638 967 $m4 977 $a 01 996 $aReadings in microeconomics$956972 997 $aUNISANNIO